| 000 | 00487nam a2200169Ia 4500 | ||
|---|---|---|---|
| 008 | 151213s9999 xx 000 0 und d | ||
| 020 | _a978-0521-54089-6 | ||
| 082 |
_a401 _b401 |
||
| 100 | _aStephen C. Levinson | ||
| 245 |
_aCambridge Text Books in Linguistics Pragmatics _cStephen C. Levinson |
||
| 260 |
_aU.K _bCambirdge university press _c1983 |
||
| 300 | _a10769 p. | ||
| 650 | _aEnglish Language | ||
| 650 | _aEnglish Language | ||
| 700 | _aStephen C. Levinson | ||
| 999 |
_c4894 _d4894 |
||